Congreso Arqueológico del Marruecos Español (Record no. 46679)

MARC details
000 -LEADER
campo de control de longitud fija 00823nam a2200193 i 4500
001 - NÚMERO DE CONTROL
campo de control 46679
003 - IDENTIFICADOR DE NÚMERO DE CONTROL
campo de control ES-MaACL
005 - FECHA Y HORA DE LA ÚLTIMA TRANSACCIÓN
campo de control 20230906161428.0
007 - CAMPO FIJO DE DESCRIPCIÓN FÍSICA--INFORMACIÓN GENERAL
campo de control de longitud fija t|
008 - DATOS DE LONGITUD FIJA--INFORMACIÓN GENERAL
campo de control de longitud fija 030331s1954 mr ||||1| spa d
111 2# - ENTRADA PRINCIPAL--NOMBRE DE CONGRESO/REUNIÓN
Nombre de congreso/reunión o jurisdicción como elemento de entrada Congreso Arqueológico del Marruecos Español (
Número del congreso/reunión o número de parte o sección 1º.
Fecha del congreso o de la firma del tratado 1953.
Sede del congreso/Lugar de la reunión Tetuán)
9 (RLIN) 283
245 10 - MENCIÓN DEL TÍTULO
Título Congreso Arqueológico del Marruecos Español
Resto del título : Tetuán, 22-26 de Junio, 1953.
260 ## - PUBLICACIÓN, DISTRIBUCIÓN, ETC.
Lugar de publicación, distribución, etc. Tetuán :
Nombre del editor, distribuidor, etc. Alta Comisaría de España en Marruecos, Servicio de Arqueología,
Fecha de publicación, distribución, etc. 1954.
300 ## - DESCRIPCIÓN FÍSICA
Extensión 539 p., 78 lám. :
Otras características físicas 2 gráf. ;
Dimensiones 23 cm.
650 14 - PUNTO DE ACCESO ADICIONAL DE MATERIA--TÉRMINO DE MATERIA
Término de materia o nombre geográfico como elemento de entrada Arqueología-
Subdivisión geográfica Marruecos-
Subdivisión de forma Congresos y asambleas.
9 (RLIN) 9979
651 #4 - PUNTO DE ACCESO ADICIONAL DE MATERIA--NOMBRE GEOGRÁFICO
Nombre geográfico Marruecos-
Subdivisión general Restos arqueológicos-
Subdivisión de forma Congresos y asambleas.
9 (RLIN) 9035
710 1# - ENTRADA AGREGADA--NOMBRE DE ENTIDAD CORPORATIVA
Nombre de entidad corporativa o nombre de jurisdicción como elemento de entrada Marruecos (Protectorado Español).
Unidad subordinada Servicio de Arqueología.
9 (RLIN) 5656
852 ## - LOCALIZACIÓN
Ubicación ES-MaACL
Número de control de estantería C-10196
Sublocalización o colección R.38831
Holdings
Estatus retirado Estado de pérdida Estado de daño No para préstamo Biblioteca de origen Biblioteca actual Ubicación en estantería Fecha de adquisición Fuente de adquisición Total de préstamos Signatura topográfica completa Código de barras Visto por última vez Precio de reemplazo Tipo de ítem Koha
        Biblioteca del Ateneo de Madrid Biblioteca del Ateneo de Madrid Sala Palomar 17/01/2008     C-10196 1049096 23/02/2023 23/02/2023 Libro impreso